La investigación biográfico-narrativa en educación: enfoque y metodología

Saved in:
Bibliografiske detaljer
Main Authors: Bolívar Botía, Antonio (Author), Domingo, Jesús (Author), Fernández, Manuel (Author)
Format: Bog
Sprog:spansk
Udgivet: Madrid La Muralla 2001
Serier:Colección Aula Abierta
Fag:
Tags: Tilføj Tag
Ingen Tags, Vær først til at tagge denne postø!

MARC

LEADER 00000nam a2200000 a 4500
001 UCL6343
003 CL-VaPUC
008 040402e20010000SP |||||||||||||||||spa|d
020 |a 8471337142 
082 0 4 |a 370.7  |b BOL  |2 21 
100 |a Bolívar Botía, Antonio  |e author  |9 420569 
700 0 |a Domingo, Jesús  |e author  |9 483995 
700 0 |a Fernández, Manuel  |e author  |9 483996 
245 1 3 |a La investigación biográfico-narrativa en educación: enfoque y metodología 
300 |a 323 p 
942 |c BK 
945 |d 20040402 00:00:00  |a cmena 
260 |a Madrid  |b La Muralla  |c 2001 
650 0 |a Investigación educacional   |9 261192 
650 0 |a Ciencias sociales  |v Investigación  |9 307767 
650 0 |a Métodos de investigación   |9 262618 
650 0 |a Entrevistas  |9 265537 
650 7 |a PERSONAL DOCENTE  |2 CL-VaPUC  |9 309708 
583 |a last modification  |c 20040402 00:00:00  |k Rodrigo Vera 
490 0 |a Colección Aula Abierta 
999 |c 308456  |d 308454 
952 |0 0  |1 0  |4 0  |6 370_700000000000000_BOL_2001  |7 0  |8 A  |9 374987  |a BIBEDU  |b BIBEDU  |c ES_NOD  |d 2019-11-21  |i 4001826  |l 4  |o 370.7 BOL 2001  |p 4001826  |r 2023-08-09  |s 2023-05-02  |w 2019-11-21  |y BK  |k PSI